| 000 | 00578nam a22002177a 4500 | ||
|---|---|---|---|
| 003 | OSt | ||
| 005 | 20140310181930.0 | ||
| 008 | 130722t xxu||||| |||| 00| 0 eng d | ||
| 050 |
_aMT 728 _b.M478 2003 |
||
| 082 |
_aTR 780.264 _bM12 2003 |
||
| 100 |
_aMcBrien, Brendan _92682 |
||
| 245 |
_aContraption / _cBrendan McBrien. |
||
| 260 |
_aFlorida : _bBelwin Mills pub. Corp, _cc2003. |
||
| 300 |
_bill. ; _c31 cm. |
||
| 521 | _aFaculty | ||
| 541 | _j1 | ||
| 562 | _e1 | ||
| 650 |
_aOrchestral music _92655 |
||
| 700 |
_aMcBrien, Brendan _92683 |
||
| 942 |
_2lcc _cBK-TR _kTR |
||
| 999 |
_c7343 _d7343 |
||